|
|
|
|
| LEADER |
00677cam a2200205 7i4500 |
| 001 |
0000033881 |
| 005 |
20170113090000.0 |
| 007 |
##ta |
| 008 |
161117s2016 mau r eng |
| 020 |
# |
# |
|a 9772231978007
|
| 040 |
# |
# |
|a MATR
|
| 090 |
0 |
0 |
|a M 629.277025
|b MAL
|
| 245 |
0 |
0 |
|a MALAYSIA CAR AUDIO AND ACCESSORIES INDUSTRIES DIRECTORY 2015/2016.
|
| 264 |
# |
1 |
|a Puchong, Selangor:
|b Athan Media Sdn Bhd,
|c 2016.
|
| 300 |
# |
# |
|a 173 pages:
|b color illustrations;
|c 27 cm.
|
| 336 |
# |
# |
|a text
|2 rdacontent
|
| 337 |
# |
# |
|a unmediated
|2 rdamedia
|
| 338 |
# |
# |
|a volume
|2 rdacarrier
|
| 650 |
# |
0 |
|a Automobiles --
|x Audio equipment
|
| 999 |
|
|
|a B000038196
|b Directories
|c Malaysia
|e Business Information Centre
|